<?xml version="1.0" encoding="UTF-8"?>
<record
    xmlns:xsi="http://www.w3.org/2001/XMLSchema-instance"
    xsi:schemaLocation="http://www.loc.gov/MARC21/slim http://www.loc.gov/standards/marcxml/schema/MARC21slim.xsd"
    xmlns="http://www.loc.gov/MARC21/slim">

  <leader>00740cam a2200217 i 4500</leader>
  <datafield tag="999" ind1=" " ind2=" ">
    <subfield code="c">7236</subfield>
    <subfield code="d">7236</subfield>
  </datafield>
  <controlfield tag="001">1049552</controlfield>
  <controlfield tag="003">YEEZEN</controlfield>
  <controlfield tag="005">20211227125618.0</controlfield>
  <controlfield tag="008">  0925s2020    ch ak  g b    000 0 chi d</controlfield>
  <datafield tag="020" ind1=" " ind2=" ">
    <subfield code="a">9789861945606</subfield>
    <subfield code="q">(&#x5E73;&#x88DD;) :</subfield>
    <subfield code="c">NT$550</subfield>
  </datafield>
  <datafield tag="040" ind1=" " ind2=" ">
    <subfield code="a">TWTNM</subfield>
    <subfield code="b">chi</subfield>
    <subfield code="c">TWTNM</subfield>
  </datafield>
  <datafield tag="042" ind1=" " ind2=" ">
    <subfield code="a">nbic</subfield>
  </datafield>
  <datafield tag="084" ind1=" " ind2=" ">
    <subfield code="a">419.824</subfield>
    <subfield code="2">ncsclt</subfield>
  </datafield>
  <datafield tag="090" ind1=" " ind2=" ">
    <subfield code="a">419.824</subfield>
    <subfield code="b">8763</subfield>
  </datafield>
  <datafield tag="100" ind1="1" ind2=" ">
    <subfield code="a">&#x5F35;&#x4F73;&#x742A;</subfield>
  </datafield>
  <datafield tag="245" ind1="1" ind2="0">
    <subfield code="a">&#x8001;&#x5E74;&#x8B77;&#x7406;&#x5B78; :</subfield>
    <subfield code="b">&#x7167;&#x8B77;&#x7406;&#x8AD6;&#x8207;&#x61C9;&#x7528; = Gerontological nursing : theory and practice of care /</subfield>
    <subfield code="c">&#x5F35;&#x4F73;&#x742A;(Chang, Chia-Chi)&#x7B49;&#x4F5C;</subfield>
  </datafield>
  <datafield tag="246" ind1="3" ind2="1">
    <subfield code="a">Gerontological nursing : theory and practice of care.</subfield>
  </datafield>
  <datafield tag="246" ind1="3" ind2="0">
    <subfield code="a">&#x7167;&#x8B77;&#x7406;&#x8AD6;&#x8207;&#x61C9;&#x7528;</subfield>
  </datafield>
  <datafield tag="250" ind1=" " ind2=" ">
    <subfield code="a">&#x4E00;&#x7248;</subfield>
  </datafield>
  <datafield tag="260" ind1=" " ind2=" ">
    <subfield code="a">&#x81FA;&#x5317;&#x5E02; :</subfield>
    <subfield code="b">&#x83EF;&#x674F;,</subfield>
    <subfield code="c">2020.05.</subfield>
  </datafield>
  <datafield tag="300" ind1=" " ind2=" ">
    <subfield code="a">[16], 469&#x9762; :</subfield>
    <subfield code="b">&#x5716;, &#x8868; ;</subfield>
    <subfield code="c">26&#x516C;&#x5206;</subfield>
  </datafield>
  <datafield tag="504" ind1=" " ind2=" ">
    <subfield code="a">&#x542B;&#x53C3;&#x8003;&#x66F8;&#x76EE;</subfield>
  </datafield>
  <datafield tag="650" ind1=" " ind2="7">
    <subfield code="a">&#x8001;&#x5E74;&#x8B77;&#x7406;</subfield>
    <subfield code="2">lcstt.</subfield>
  </datafield>
  <datafield tag="942" ind1=" " ind2=" ">
    <subfield code="2">ccl</subfield>
    <subfield code="c">LNTERM</subfield>
  </datafield>
  <datafield tag="952" ind1=" " ind2=" ">
    <subfield code="0">0</subfield>
    <subfield code="1">0</subfield>
    <subfield code="2">ccl</subfield>
    <subfield code="4">0</subfield>
    <subfield code="7">0</subfield>
    <subfield code="a">yeezen</subfield>
    <subfield code="b">yeezen</subfield>
    <subfield code="c">N028</subfield>
    <subfield code="d">2021-12-27</subfield>
    <subfield code="l">12</subfield>
    <subfield code="m">6</subfield>
    <subfield code="o">419.824</subfield>
    <subfield code="p">C02823</subfield>
    <subfield code="q">2026-06-30</subfield>
    <subfield code="r">2026-01-02 00:00:00</subfield>
    <subfield code="s">2026-01-02</subfield>
    <subfield code="w">2021-12-27</subfield>
    <subfield code="y">LNTERM</subfield>
    <subfield code="z">&#x81FA;&#x7063;&#x5DF2;&#x6B63;&#x5F0F;&#x9032;&#x5165;&#x9AD8;&#x9F61;&#x793E;&#x6703;&#xFF0C;&#x9577;&#x8005;&#x7167;&#x8B77;&#x6210;&#x70BA;&#x4E0D;&#x53EF;&#x5FFD;&#x8996;&#x7684;&#x91CD;&#x8981;&#x8B70;&#x984C;&#x3002;&#x8001;&#x5E74;&#x8B77;&#x7406;&#x5B78;&#x7684;&#x7BC4;&#x7587;&#x542B;&#x62EC;&#x8001;&#x5E74;&#x4EBA;&#x7684;&#x5168;&#x4EBA;&#x5065;&#x5EB7;&#x3001;&#x529F;&#x80FD;&#x8A55;&#x4F30;&#x3001;&#x7167;&#x8B77;&#x8A08;&#x756B;&#x8207;&#x57F7;&#x884C;&#x3001;&#x7167;&#x8B77;&#x63AA;&#x65BD;&#x7B49;&#x3002;&#x672C;&#x66F8;&#x4EE5;&#x8B77;&#x7406;&#x8207;&#x9577;&#x671F;&#x7167;&#x8B77;&#x4EBA;&#x54E1;&#x7684;&#x89D2;&#x5EA6;&#xFF0C;&#x8AAA;&#x660E;&#x5E38;&#x898B;&#x60C5;&#x6CC1;&#x7684;&#x6848;&#x4F8B;&#x5206;&#x4EAB;&#x8207;&#x7167;&#x8B77;&#x6280;&#x5DE7;&#xFF0C;&#x4E26;&#x8AD6;&#x53CA;&#x5BB6;&#x5EAD;&#x7167;&#x9867;&#x8005;&#x7684;&#x9700;&#x6C42;&#x8207;&#x8CC7;&#x6E90;......</subfield>
  </datafield>
</record>
